| 000 | 00527nam a2200181Ia 4500 | ||
|---|---|---|---|
| 003 | GCL | ||
| 008 | 140319s9999 xx 000 0 ara d | ||
| 040 |
_aGCL / _cGCL |
||
| 082 | 0 | 4 |
_a859 _bر ق |
| 100 | 1 | _aامين سلامة | |
| 245 | 1 | 0 |
_aقصة أبطال الأرجو?(هديه من الآديب عبدالفتاح الجمل) / _cامين سلامة |
| 700 | 1 | _aروديوس، ابولونيوس | |
| 300 | _a300 | ||
| 490 | _a | ||
| 650 | 0 | 4 | _aالادب |
| 650 | 0 | 4 | _aالادب الاغريقى |
| 942 |
_2ddc _cBK |
||
| 999 |
_c40573 _d40573 |
||